| 000 | 00488nam a2200169Ia 4500 | ||
|---|---|---|---|
| 008 | 181130s2018 xx 000 0 und d | ||
| 100 | _aLee, Hyunok | ||
| 100 | _aMigration | ||
| 245 |
_aGendered migration in a changing care regime: _ba case of Korean Chinese migrants in South Korea |
||
| 260 | _c2018 | ||
| 300 | _ap.393-407. | ||
| 504 | _dJul | ||
| 650 | _aMigration - China | ||
| 650 | _aMigration - Korea | ||
| 773 | _aSocial Policy and Society | ||
| 906 | _aMigration - Korea | ||
| 999 |
_c506960 _d506960 |
||